Le gout de l'archive

Αποθηκεύτηκε σε:
Λεπτομέρειες βιβλιογραφικής εγγραφής
Κύριος συγγραφέας: Farge, Arlette
Μορφή: Βιβλίο
Γλώσσα:French
Δημοσίευση: Paris : Editions du Seuil, c1989
Σειρά:Points. Histoire ; ; 233
Θέματα:
Ετικέτες: Προσθήκη ετικέτας
Δεν υπάρχουν, Καταχωρήστε ετικέτα πρώτοι!

MARC

LEADER 00000cam a2200000 i 4500
001 1/75776
008 050509s1989 fre d
020 |a 2-02-030909-2 
035 |l 10077798 
040 |a GR-MY-UA  |b gre  |e aacr 
041 0 |a fre 
082 0 |a 027.0944  |2 (21) 
100 1 |a Farge, Arlette. 
245 1 3 |a Le gout de l'archive /  |c Arlette Farge 
260 |a Paris :   |b Editions du Seuil,   |c c1989 
300 |a 152 σ.;  |c 18 εκ. 
490 1 |a Points. Histoire  |v ; 233 
650 0 0 |a Archives. 
650 0 0 |a History  |x Sources. 
767 0 8 |i Μεταφρασμένο ως:   |t Η γεύση του αρχείου /  
830 0 |a Points. Histoire ;  |v ; 233 
852 |a INST  |b LESVOS  |e 20050509  |h 027.0944 FAR  |p 005100027732  |q 005100027732  |t BK  |y 0 
901 |a BIBL1-2005-2 
909 |a Λ  |b 116396 
922 |a 1ΕΛΗ  |b 200410  |c ΕΠΕΑΕΚ2/ΤΚΑ  |d ΜΙΧΑΛΟΠΟΥΛΟΣ 
950 |a 117-2004-06-15 
970 |a ΚΑΡΑ  |b ΓΙΑΣΕΜΗ  |z 2005/05/23